zpět

Detail výsledku týmu

U Lucerny ČT, Brno

Datum a čas kvízu

25 Celkem bodů Celkový počet nahraných bodů na tomto kvízu bez doplňovacích otázek.
6. Pořadí na kvízu Konečné umístění týmu na tomto kvízu.

Zaznamenané odpovědi

# Otázka Odpověď Body Výsledky
1. Prestižní novinářskou Cenu Fer... 0
2. Extrémní sněhovou nadílku, kte... 1
3. Jistá značka vodky přišla tent... 0
4. Jak se jmenuje firma Elona Mus... 1
5. Norští olympijští kuchaři si s... 1
6. Ke které knize odkazuje tento... 1
7. Naše nejmenší CHKO má rozlohu... 0
8. Tato fotka byla pořízena na pr... 0
9. Jedna dvoučlenná a dnes již ne... 1
10. Kterou lichotivou přezdívkou č... 1